000 00668nam a2200229Ia 4500
003 OSt
005 20220923212445.0
006 a|||||r|||| 00| 0
007 ta
008 220922b |||||||| |||| 00| 0 hin d
024 _a153,152
037 _cTextual
040 _aARTS
_cARTS
_bhin
041 _2hin
_ahin
082 _aO142:2M68:12, 152K5-;1
100 _aगोर्की, मक्सिम
245 0 _aबूढा, मदन लाल अनु
246 _aBūḍhā, madan lāl anu0
260 _c1965
942 _hO142:2M68:12, 152K5-;1
_cTEXL
_2CC
999 _c308800
_d308800